| 000 | 01151nam a2200229Ia 4500 | ||
|---|---|---|---|
| 001 | IA_2136,05/03/2003,20/06/2011,5232272019 MX NML 8223123322SPA16," | ||
| 002 | Tabasco / Luis Fernando Arroyo Dossetti y Alejandra Suley Martínez Hernández ; dirección Pedro Ponce Hernández ; asesoría Francisco Martínez Mosqueda y J. Rogelio Ascencio Rivera | ||
| 008 | 220117so / xx 000 0 und d | ||
| 010 | _a181502 | ||
| 090 | _aTesis A77 2019 | ||
| 100 |
_aArroyo Dossetti _9152313 |
||
| 260 |
_aMéxico : _bEl autor, _co / |
||
| 300 | _avii | ||
| 500 | _aEl CD contiene reporte | ||
| 502 | _aTesis (Ing. Agr. Esp. en Ingeniería Agroindustrial) -- UACh. Departamento de Ingeniería Agroindustrial | ||
| 504 | _aBibliografía: h. 82-86 | ||
| 520 | _aEl presente estudio es un análisis de factibilidad técnico-económico para la instalación de una planta empacadora de banano (Musa paradisiaca) en el municipio de Teapa | ||
| 901 | _apor lo que este trabajo se tomaran dichas palabras como sinónimo para hacer referencia a Musa paradisiaca. | ||
| 904 | _ao / | ||
| 942 | _c2019 | ||
| 999 |
_c181502 _d181502 |
||